|
|
|
|
| LEADER |
00000nab a2200000 a 4500 |
| 001 |
vtls010683080 |
| 003 |
SK-MaSNL |
| 005 |
20260319071212.0 |
| 008 |
150601|2015 xo m| | |00 0|hun |
| 038 |
|
|
|a KEVKJB
|
| 040 |
|
|
|a KEVKJB
|b slo
|c KEVKJB
|e AACR2
|
| 041 |
0 |
|
|a hun
|
| 044 |
|
|
|a xo
|c SK
|
| 080 |
|
|
|a 373.3(=511.141)(437.6)
|2 2001
|
| 100 |
1 |
|
|a Máté, László,
|d 1942-
|4 aut
|9 894859
|
| 245 |
1 |
0 |
|a Buzita, avagy iskoláink megmentése és megtartása
|c Máté László
|
| 300 |
|
|
|b Fotogr.
|
| 610 |
2 |
7 |
|a Základná škola s vyučovacím jazykom maďarským (Buzica, Slovensko)
|2 kevkjb
|9 1075047
|
| 650 |
0 |
7 |
|a spomienky
|2 kevkjb
|9 55795
|
| 651 |
|
7 |
|a Buzica (Slovensko)
|2 kevkjb
|9 28686
|
| 651 |
|
7 |
|a Košice-okolie (Slovensko : okres)
|2 kevkjb
|9 146743
|
| 773 |
0 |
|
|t Kassai Figyelő
|g Évf. XIII, sz. 5 (2015), o. 20-21
|
| 852 |
|
|
|a KEVKJB
|b KIS3GCP
|
| 958 |
|
|
|a HU
|
| 958 |
|
|
|a NM
|
| 999 |
|
|
|c 1801525
|d 1803455
|